<?xml version="1.0" encoding="UTF-8"?><?xml-stylesheet type="text/xsl" href="static/style.xsl"?><OAI-PMH xmlns="http://www.openarchives.org/OAI/2.0/" xmlns:xsi="http://www.w3.org/2001/XMLSchema-instance" xsi:schemaLocation="http://www.openarchives.org/OAI/2.0/ http://www.openarchives.org/OAI/2.0/OAI-PMH.xsd"><responseDate>2026-04-26T21:56:42Z</responseDate><request verb="GetRecord" identifier="oai:uvadoc.uva.es:10324/14042" metadataPrefix="marc">https://uvadoc.uva.es/oai/request</request><GetRecord><record><header><identifier>oai:uvadoc.uva.es:10324/14042</identifier><datestamp>2025-03-05T10:23:23Z</datestamp><setSpec>com_10324_38</setSpec><setSpec>col_10324_852</setSpec></header><metadata><record xmlns="http://www.loc.gov/MARC21/slim" xmlns:doc="http://www.lyncode.com/xoai" xmlns:xsi="http://www.w3.org/2001/XMLSchema-instance" xmlns:dcterms="http://purl.org/dc/terms/" xsi:schemaLocation="http://www.loc.gov/MARC21/slim http://www.loc.gov/standards/marcxml/schema/MARC21slim.xsd">
<leader>00925njm 22002777a 4500</leader>
<datafield tag="042" ind1=" " ind2=" ">
<subfield code="a">dc</subfield>
</datafield>
<datafield tag="720" ind1=" " ind2=" ">
<subfield code="a">Martín Carbajo, Estefanía</subfield>
<subfield code="e">author</subfield>
</datafield>
<datafield tag="260" ind1=" " ind2=" ">
<subfield code="c">2015</subfield>
</datafield>
<datafield tag="520" ind1=" " ind2=" ">
<subfield code="a">El presente Trabajo Final de Grado, Intervenciones arquitectónicas contemporáneas en Zamora, analiza algunas de&#xd;
las actuaciones más importantes que se han desarrollado en las últimas décadas en la ciudad. Para ello parte de&#xd;
un análisis histórico urbano de la ciudad desde sus orígenes, realiza un resumen de los edificios más emblemáticos&#xd;
desde el movimiento moderno a nuestros días, para finalizar en un estudio pormenorizado de tres de ellos:&#xd;
el Museo de Zamora (1996, Tuñón y Mansilla), la Fundación Rei Alfonso Henriques (1996, Manuel de las Casas) y&#xd;
el edificio del Consejo Consultivo (2006, Alberto Campo Baeza).</subfield>
</datafield>
<datafield tag="024" ind2=" " ind1="8">
<subfield code="a">http://uvadoc.uva.es/handle/10324/14042</subfield>
</datafield>
<datafield ind1=" " ind2=" " tag="653">
<subfield code="a">Arquitectura - España - Siglo XX -XXI - Zamora</subfield>
</datafield>
<datafield tag="245" ind1="0" ind2="0">
<subfield code="a">Intervenciones arquitectónicas contemporáneas en Zamora</subfield>
</datafield>
</record></metadata></record></GetRecord></OAI-PMH>